[Event "M.Chigorin Memorial 2014"]
[Site "St. Petersburg"]
[Date "2014.10.21"]
[Round "4.81"]
[White "Shkurkin, Nikolai"]
[Black "Oral, Tomas"]
[Result "0-1"]
[WhiteElo "2204"]
[BlackElo "2513"]
[PlyCount "63"]
[EventDate "2014.10.18"]

1. e4 c5 2. Nc3 e6 3. Nge2 Nc6 4. g3 d5 5. d3 d4 6. Nb1 e5 7. Bg2 Bd6 8. O-O
Nge7 9. f4 f5 10. Nd2 O-O 11. Nc4 fxe4 12. dxe4 exf4 13. gxf4 Bg4 14. a4 Bc7
15. Ra3 d3 16. Rxd3 Nd4 17. Rf2 Bxe2 18. Rxe2 Nxe2+ 19. Qxe2 Qe8 20. Qg4 Rd8
21. e5 Qxa4 22. Qe6+ Kh8 23. Bd2 Nc6 24. Be4 Qxc2 25. Qh3 h6 26. Nd6 Qd1+ 27.
Kf2 Nxe5 28. Nf7+ Rxf7 29. Rxd8+ Bxd8 30. Bc3 Rxf4+ 31. Ke3 Bg5 32. Qc8+ 0-1

[Event "M.Chigorin Memorial 2014"]
[Site "St. Petersburg"]
[Date "2014.10.21"]
[Round "4.82"]
[White "Malakhov, Igor"]
[Black "Kuzmin, Egor"]
[Result "1-0"]
[WhiteElo "2441"]
[BlackElo "2154"]
[PlyCount "59"]
[EventDate "2014.10.18"]

1. e4 c5 2. Nf3 d6 3. d4 cxd4 4. Nxd4 Nf6 5. Nc3 Nc6 6. Bg5 e6 7. Qd2 a6 8.
O-O-O Be7 9. f4 Nxd4 10. Qxd4 b5 11. Bxf6 gxf6 12. e5 d5 13. Kb1 f5 14. g4 fxg4
15. f5 b4 16. Ne2 Rg8 17. Nf4 Qc7 18. Bg2 Rb8 19. Bxd5 exd5 20. Nxd5 Qc6 21.
Nxe7 Kxe7 22. f6+ Ke6 23. Qf4 Qxh1 24. Rxh1 Bb7 25. Qc4+ Bd5 26. Qxa6+ Kf5 27.
Qd3+ Ke6 28. Rf1 Bf3 29. Qc4+ Kxe5 30. Qxf7 1-0

[Event "M.Chigorin Memorial 2014"]
[Site "St. Petersburg"]
[Date "2014.10.21"]
[Round "4.83"]
[White "Mamatov, Melis"]
[Black "Khusenkhojaev, Muhammad"]
[Result "0-1"]
[WhiteElo "2191"]
[BlackElo "2416"]
[PlyCount "70"]
[EventDate "2014.10.18"]

1. e4 e5 2. Nf3 Nc6 3. Bb5 a6 4. Ba4 Nf6 5. O-O Be7 6. Re1 b5 7. Bb3 d6 8. c3
O-O 9. h3 Nb8 10. d4 Nbd7 11. Bc2 Bb7 12. Nbd2 Re8 13. Nf1 Bf8 14. Ng3 g6 15.
Bg5 h6 16. Bd2 Bg7 17. Qc1 Kh7 18. Nh2 d5 19. Ng4 Nxg4 20. hxg4 exd4 21. cxd4
Bxd4 22. Bxh6 Qf6 23. Qd2 Bxf2+ 24. Qxf2 Qxf2+ 25. Kxf2 Kxh6 26. exd5 Bxd5 27.
Be4 c6 28. Rad1 Nf6 29. Bf3 Kg5 30. Rxe8 Rxe8 31. Rd4 Re5 32. Ne2 c5 33. Rd2
Nxg4+ 34. Kg3 Ne3 35. Nc3 Nf1+ 0-1

[Event "M.Chigorin Memorial 2014"]
[Site "St. Petersburg"]
[Date "2014.10.21"]
[Round "4.84"]
[White "Delemarre, Jop"]
[Black "Naumenko, Oleg"]
[Result "1-0"]
[WhiteElo "2399"]
[BlackElo "2133"]
[PlyCount "61"]
[EventDate "2014.10.18"]

1. d4 Nf6 2. c4 d6 3. Nc3 e5 4. d5 Be7 5. g3 O-O 6. Bg2 a5 7. Nf3 Na6 8. O-O
Nc5 9. b3 Ne8 10. e4 f5 11. exf5 Bxf5 12. Be3 b6 13. h3 Bf6 14. Re1 g6 15. g4
Bd7 16. Qc2 Ng7 17. Rad1 Qe8 18. Bh6 Qf7 19. Re3 Rae8 20. Rf1 Kh8 21. Kh1 Rg8
22. Ng5 Qe7 23. f4 Nf5 24. gxf5 gxf5 25. Ne6 Bxe6 26. dxe6 Rg6 27. Nd5 Qxe6 28.
Nxc7 Qf7 29. Nxe8 Qxe8 30. Bg5 Bg7 31. Qxf5 1-0

[Event "M.Chigorin Memorial 2014"]
[Site "St. Petersburg"]
[Date "2014.10.21"]
[Round "4.85"]
[White "Kalinin, Nikita"]
[Black "Gritsayeva, Oksana"]
[Result "0-1"]
[WhiteElo "2152"]
[BlackElo "2364"]
[PlyCount "84"]
[EventDate "2014.10.18"]

1. e3 g6 2. c4 Bg7 3. Nc3 Nf6 4. d4 O-O 5. g3 d5 6. cxd5 Nxd5 7. Bg2 Nb6 8.
Nge2 Nc6 9. O-O e5 10. d5 Ne7 11. a4 a5 12. e4 Bg4 13. h3 Bd7 14. Qb3 Nec8 15.
Be3 Nd6 16. Bxb6 cxb6 17. Rac1 Re8 18. Nb5 Bxb5 19. axb5 Bh6 20. Rc2 Rc8 21.
Rxc8 Qxc8 22. Nc3 Qc7 23. Rd1 Rc8 24. Bf1 Kg7 25. Qc2 Qc5 26. Qb3 Be3 27. fxe3
Qxe3+ 28. Kh2 Nxe4 29. Rd3 Qf2+ 30. Bg2 Nc5 31. Qd1 Nxd3 32. Qxd3 Qxb2 33. Na4
Qf2 34. Qe4 Qd4 35. Qxd4 exd4 36. Be4 Kf6 37. Nxb6 Re8 38. Nd7+ Kg7 39. Bf3 a4
40. Nc5 a3 41. d6 a2 42. Nb3 Rd8 0-1

[Event "M.Chigorin Memorial 2014"]
[Site "St. Petersburg"]
[Date "2014.10.21"]
[Round "4.86"]
[White "Sadovsky, Artem"]
[Black "Galaktionov, Artem"]
[Result "1-0"]
[WhiteElo "2364"]
[BlackElo "2131"]
[PlyCount "83"]
[EventDate "2014.10.18"]

1. g3 d5 2. Bg2 Nf6 3. c4 e6 4. Nf3 Be7 5. b3 d4 6. O-O O-O 7. e3 c5 8. exd4
cxd4 9. d3 Nc6 10. Re1 a5 11. a3 Bd6 12. Nbd2 e5 13. Ng5 Bg4 14. Qc2 Be7 15. h3
Bh5 16. Nge4 Nxe4 17. Bxe4 Qc7 18. Nf3 f6 19. Nh4 Rfe8 20. f4 exf4 21. Bxf4 Bd6
22. Bxd6 Qxd6 23. Qf2 Rad8 24. g4 Bf7 25. Nf5 Qc5 26. Rf1 Rd7 27. b4 axb4 28.
axb4 Nxb4 29. Nxg7 Kxg7 30. Qxf6+ Kg8 31. Qh6 Rxe4 32. dxe4 d3+ 33. Kh1 Rd8 34.
Rf5 Qc6 35. Qg5+ Qg6 36. Qf4 Qd6 37. Rxf7 Qxf4 38. Rxf4 Nc6 39. Kg1 d2 40. Rd1
Rd4 41. Kf2 Rxc4 42. Ke3 1-0

[Event "M.Chigorin Memorial 2014"]
[Site "St. Petersburg"]
[Date "2014.10.21"]
[Round "4.87"]
[White "Kozlitin, Oleg"]
[Black "Latyev, Yury"]
[Result "0-1"]
[WhiteElo "2348"]
[BlackElo "2108"]
[PlyCount "152"]
[EventDate "2014.10.18"]

1. e4 c5 2. Nf3 g6 3. d4 cxd4 4. Nxd4 Nf6 5. Nc3 Nc6 6. Nxc6 bxc6 7. e5 Ng8 8.
Bc4 Bg7 9. Qf3 f5 10. Bf4 e6 11. O-O Nh6 12. Rad1 Qc7 13. Rfe1 O-O 14. Qg3 Nf7
15. h4 Kh8 16. Nb1 Rb8 17. Nd2 a5 18. a4 Rxb2 19. Bb3 Ba6 20. Qc3 Rxb3 21. Nxb3
Ra8 22. Qxa5 Qxa5 23. Nxa5 Bc8 24. Nb3 h6 25. Nc5 g5 26. hxg5 hxg5 27. Bh2 Ra7
28. Rb1 Bf8 29. Nd3 Ba6 30. Ra1 f4 31. g3 f3 32. g4 Bc4 33. Re3 Bd5 34. c4 Bxc4
35. Rxf3 Kg7 36. Re3 Be7 37. Nb2 Bd5 38. Rc3 Bb4 39. Rcc1 Nh6 40. Nd3 Ba5 41.
Bg3 Nxg4 42. Kf1 Nh6 43. f4 g4 44. Bf2 Ra8 45. Rab1 Nf5 46. Rb7 g3 47. Rxd7+
Kg6 48. Bc5 Bd2 49. Rd1 Be3 50. Ke2 Rxa4 51. Bxe3 Re4 52. Rg1 Rxe3+ 53. Kd2 Rf3
54. Rd8 Be4 55. Nc5 Rf2+ 56. Ke1 Rxf4 57. Nxe6 Rf3 58. Nd4 Re3+ 59. Kf1 Nxd4
60. Rxd4 Kf5 61. e6 Kxe6 62. Rxg3 Rxg3 63. Rxe4+ Kd5 64. Re8 Kc4 65. Ke2 Rd3
66. Re6 c5 67. Re4+ Kc3 68. Re8 c4 69. Rc8 Rd7 70. Rb8 Kc2 71. Rc8 c3 72. Ke3
Kb2 73. Rb8+ Kc1 74. Rc8 c2 75. Ke2 Re7+ 76. Kd3 Kd1 0-1

[Event "M.Chigorin Memorial 2014"]
[Site "St. Petersburg"]
[Date "2014.10.21"]
[Round "4.88"]
[White "Rudenko, Eugeny"]
[Black "Yandarbiev, Ruslan"]
[Result "0-1"]
[WhiteElo "2138"]
[BlackElo "2339"]
[PlyCount "90"]
[EventDate "2014.10.18"]

1. e4 c5 2. Nf3 d6 3. Nc3 a6 4. d4 cxd4 5. Nxd4 Nf6 6. f4 e5 7. Nf3 Nbd7 8. Bd3
Be7 9. O-O O-O 10. Kh1 exf4 11. Bxf4 Ne5 12. Qe1 Bg4 13. Qg3 Qd7 14. Be3 Nxd3
15. cxd3 Rac8 16. h3 Be6 17. Nd4 d5 18. e5 Nh5 19. Qf3 g6 20. Rae1 b5 21. Bh6
Rfd8 22. Nce2 Bb4 23. Rd1 a5 24. Bg5 Re8 25. Bh6 a4 26. g4 Ng7 27. Rg1 Bc5 28.
Rg2 b4 29. Rf1 Bf8 30. Ng3 Qc7 31. Qf6 Qd7 32. Qh4 a3 33. bxa3 bxa3 34. Bg5 Rb8
35. Bf6 Rb2 36. Rfg1 Reb8 37. Nf3 Ne8 38. Ng5 Nxf6 39. exf6 h6 40. Nxe6 Qxe6
41. Nf5 Rxg2 42. Rxg2 Rb1+ 43. Kh2 Qd6+ 44. Qg3 Qxf6 45. Qh4 Qxh4 0-1

[Event "M.Chigorin Memorial 2014"]
[Site "St. Petersburg"]
[Date "2014.10.21"]
[Round "4.89"]
[White "Bublei, Pavel"]
[Black "Bratus, Petr P"]
[Result "1-0"]
[WhiteElo "2339"]
[BlackElo "2106"]
[PlyCount "65"]
[EventDate "2014.10.18"]

1. d4 Nf6 2. Nf3 e6 3. c4 b6 4. g3 Bb7 5. Bg2 Be7 6. O-O O-O 7. d5 exd5 8. Nh4
c6 9. cxd5 Nxd5 10. Nf5 Nc7 11. e4 d5 12. Nc3 Bf6 13. exd5 cxd5 14. Bf4 Nba6
15. Re1 Bc6 16. Qg4 Kh8 17. Rad1 Re8 18. Ne4 Re6 19. Ned6 Qf8 20. Rc1 Nc5 21.
b4 Rxe1+ 22. Rxe1 Nd3 23. Nh6 gxh6 24. Qf5 Bg7 25. Qxd3 Ne6 26. Qf5 Nxf4 27.
Qxf4 Be8 28. Bxd5 Rd8 29. Rxe8 Rxe8 30. Nxf7+ Kg8 31. Nxh6+ Kh8 32. Nf7+ Kg8
33. Qf5 1-0

[Event "M.Chigorin Memorial 2014"]
[Site "St. Petersburg"]
[Date "2014.10.21"]
[Round "4.90"]
[White "Reshetnikov, Ruslan"]
[Black "Kowsarinia, Amir"]
[Result "0-1"]
[WhiteElo "2106"]
[BlackElo "2331"]
[PlyCount "68"]
[EventDate "2014.10.18"]

1. d4 d5 2. Bg5 h6 3. Bh4 c5 4. c3 cxd4 5. cxd4 Qb6 6. Nc3 e6 7. Qd2 Ne7 8. Rc1
Bd7 9. e3 Nf5 10. Bg3 Be7 11. Bd3 Nxg3 12. hxg3 Bc6 13. Nf3 Nd7 14. g4 g6 15.
a3 Kf8 16. b4 a6 17. Ke2 Kg7 18. Rh3 Rac8 19. Rch1 Bd6 20. g5 h5 21. Qb2 Qc7
22. Ne1 Nb6 23. f4 Bd7 24. Kd2 Bxf4 25. exf4 Qxf4+ 26. Ke2 e5 27. dxe5 Bxh3 28.
Rxh3 Qxe5+ 29. Kd2 Qxg5+ 30. Kd1 Qf6 31. Be2 Rhe8 32. Rf3 Qe5 33. Re3 Qxe3 34.
Ne4+ d4 0-1

[Event "M.Chigorin Memorial 2014"]
[Site "St. Petersburg"]
[Date "2014.10.21"]
[Round "4.91"]
[White "Biriukov, Oleg V"]
[Black "Aseev, Vladimir"]
[Result "1-0"]
[WhiteElo "2327"]
[BlackElo "2094"]
[PlyCount "55"]
[EventDate "2014.10.18"]

1. d4 Nf6 2. c4 g6 3. Nc3 Bg7 4. e4 d6 5. Be2 O-O 6. Nf3 e5 7. O-O Nbd7 8. Qc2
Nh5 9. Bg5 f6 10. Be3 Nf4 11. Bxf4 exf4 12. Rad1 c6 13. Rfe1 Qc7 14. b4 a6 15.
c5 a5 16. cxd6 Qxd6 17. b5 Nb6 18. bxc6 Qxc6 19. Qb3+ Qe6 20. Rb1 Qxb3 21. Rxb3
Nd7 22. Nd5 Rd8 23. Nxf4 Nf8 24. h3 Bh6 25. Nd5 Be6 26. Nxf6+ Kg7 27. Rxb7+
Kxf6 28. e5+ 1-0

[Event "M.Chigorin Memorial 2014"]
[Site "St. Petersburg"]
[Date "2014.10.21"]
[Round "4.92"]
[White "Grinblat, Artemiy"]
[Black "Abramov, Nikita"]
[Result "1-0"]
[WhiteElo "2100"]
[BlackElo "2318"]
[PlyCount "51"]
[EventDate "2014.10.18"]

1. e4 c5 2. c3 e6 3. d4 d5 4. e5 Nc6 5. Be3 f6 6. Nf3 Nh6 7. Bd3 cxd4 8. cxd4
Nf7 9. O-O fxe5 10. dxe5 Ncxe5 11. Nxe5 Nxe5 12. Qh5+ Nf7 13. Bd4 Bd7 14. f4
Qc7 15. Kh1 Bc6 16. Nc3 a6 17. f5 O-O-O 18. fxe6 Nh6 19. Rac1 Kb8 20. Rxf8
Rhxf8 21. Be5 Rd6 22. Nxd5 Rxd5 23. Bxc7+ Kc8 24. Qxd5 Bxd5 25. Bd6+ Kd8 26.
e7+ 1-0

[Event "M.Chigorin Memorial 2014"]
[Site "St. Petersburg"]
[Date "2014.10.21"]
[Round "4.93"]
[White "Mishuchkov, Nikolai M"]
[Black "Gyokbulut, Julia"]
[Result "1/2-1/2"]
[WhiteElo "2310"]
[BlackElo "2086"]
[PlyCount "85"]
[EventDate "2014.10.18"]

1. Nf3 Nf6 2. d4 d5 3. c4 e6 4. e3 Be7 5. Bd3 O-O 6. O-O dxc4 7. Bxc4 c5 8.
dxc5 Bxc5 9. a3 Qe7 10. b4 Bd6 11. Nc3 Rd8 12. Qe2 e5 13. e4 h6 14. h3 Nbd7 15.
Nb5 Bb8 16. Rd1 a6 17. Nc3 a5 18. b5 Bd6 19. Ba2 Nf8 20. Be3 Be6 21. a4 Bb4 22.
Nd5 Nxd5 23. Bxd5 Bxd5 24. exd5 e4 25. Ne1 Ng6 26. Rac1 Rd7 27. Qc4 Bxe1 28.
Rxe1 Qe5 29. Bb6 f5 30. Bc7 Qf6 31. Red1 Qg5 32. b6 Kh7 33. Rc3 Nf4 34. Rg3 Qh5
35. Rd2 Nd3 36. Qd4 Qf7 37. f3 Re8 38. fxe4 fxe4 39. Re2 Nf4 40. Rxe4 Nxd5 41.
Rxg7+ Qxg7 42. Qxg7+ Kxg7 43. Rxe8 1/2-1/2

[Event "M.Chigorin Memorial 2014"]
[Site "St. Petersburg"]
[Date "2014.10.21"]
[Round "4.94"]
[White "Pisakov, Ilia"]
[Black "Mamyrbay, Assad"]
[Result "1/2-1/2"]
[WhiteElo "2303"]
[BlackElo "2063"]
[PlyCount "47"]
[EventDate "2014.10.18"]

1. d4 Nf6 2. Nf3 g6 3. b3 Bg7 4. Bb2 O-O 5. g3 b6 6. Bg2 Bb7 7. c4 c5 8. d5 d6
9. O-O e6 10. e4 Nxe4 11. Bxg7 Kxg7 12. dxe6 fxe6 13. Nfd2 Nxd2 14. Bxb7 Nxf1
15. Nc3 Nd7 16. Bxa8 Qxa8 17. Qxd6 Nxh2 18. Qxd7+ Rf7 19. Qxe6 Nf3+ 20. Kf1
Nh2+ 21. Kg1 Nf3+ 22. Kf1 Nh2+ 23. Kg1 Nf3+ 24. Kf1 1/2-1/2

[Event "M.Chigorin Memorial 2014"]
[Site "St. Petersburg"]
[Date "2014.10.21"]
[Round "4.95"]
[White "Baraeva, Marina"]
[Black "Palchun, Grigory"]
[Result "0-1"]
[WhiteElo "2089"]
[BlackElo "2284"]
[PlyCount "50"]
[EventDate "2014.10.18"]

1. d4 Nf6 2. c4 e6 3. Nc3 Bb4 4. Qc2 O-O 5. e4 d5 6. e5 Ne4 7. Bd3 c5 8. cxd5
exd5 9. Nge2 cxd4 10. Nxd4 Nd7 11. f4 Qh4+ 12. g3 Qh3 13. Bf1 Qh6 14. Bg2 Qa6
15. Nde2 Qb6 16. Bxe4 dxe4 17. Qxe4 Nc5 18. Qf3 Bh3 19. Be3 Nd3+ 20. Kd2 Bxc3+
21. Nxc3 Qxb2+ 22. Kxd3 Bf5+ 23. Kc4 Rac8+ 24. Bc5 Rxc5+ 25. Kxc5 Qb6+ 0-1

[Event "M.Chigorin Memorial 2014"]
[Site "St. Petersburg"]
[Date "2014.10.21"]
[Round "4.96"]
[White "Yeletsky, Ivan"]
[Black "Shapfiullin, Ildar"]
[Result "1/2-1/2"]
[WhiteElo "2284"]
[BlackElo "2050"]
[PlyCount "163"]
[EventDate "2014.10.18"]

1. e4 Nf6 2. e5 Nd5 3. d4 d6 4. Nf3 Bg4 5. Be2 c6 6. O-O Bxf3 7. Bxf3 dxe5 8.
dxe5 e6 9. c4 Ne7 10. Qxd8+ Kxd8 11. Bh5 g6 12. Be2 Nd7 13. f4 h5 14. Nd2 Nf5
15. Ne4 Be7 16. Bd2 Nc5 17. Nf2 Kc7 18. b4 Rad8 19. Rfd1 Na4 20. Rab1 c5 21. a3
Rd4 22. g3 Rhd8 23. Be1 Ne3 24. Rdc1 h4 25. Rb3 hxg3 26. hxg3 Nf5 27. Rd3 g5
28. Rxd4 Nxd4 29. Bg4 gxf4 30. gxf4 Rg8 31. Kf1 Bh4 32. Bh5 Rh8 33. Bg4 Bxf2
34. Kxf2 Rh2+ 35. Kf1 b6 36. Rb1 Nc2 37. Kg1 Rh8 38. Kf2 Rh4 39. Bd1 Nxe1 40.
Bxa4 Nd3+ 41. Ke3 Rh3+ 42. Kd2 Nxf4 43. Rf1 Rd3+ 44. Kc2 Rd4 45. Bb5 Kd8 46.
bxc5 bxc5 47. Ba6 Ke7 48. Rb1 Ng6 49. Re1 Rh4 50. Kb3 Rh3+ 51. Ka4 Kd8 52. Bb5
Ke7 53. Re2 Rc3 54. Re4 Nf8 55. Bc6 Ng6 56. Kb5 Rxa3 57. Kxc5 Ra5+ 58. Kd4 Kd8
59. Bb5 a6 60. Bc6 Ne7 61. Ba8 Kc7 62. Re1 Nf5+ 63. Kc3 Ra3+ 64. Kd2 Nd4 65.
Rf1 Nf5 66. Be4 Nh6 67. Rf6 Rh3 68. c5 a5 69. Kc2 a4 70. Kb2 Rh5 71. Bc2 Rh2
72. Kb1 a3 73. Be4 Rh4 74. Bf3 Rh2 75. Ba8 Rh5 76. Ka2 Rxe5 77. Rxh6 Rxc5 78.
Rh7 Rf5 79. Be4 Rf6 80. Kxa3 Kd6 81. Kb3 Ke5 82. Bd3 1/2-1/2

[Event "M.Chigorin Memorial 2014"]
[Site "St. Petersburg"]
[Date "2014.10.21"]
[Round "4.97"]
[White "Svidinsky, Dmitry"]
[Black "Erzhanov, Arman"]
[Result "0-1"]
[WhiteElo "2039"]
[BlackElo "2278"]
[PlyCount "64"]
[EventDate "2014.10.18"]

1. d4 Nf6 2. c4 e6 3. Nf3 b6 4. g3 Ba6 5. b3 Bb4+ 6. Bd2 Be7 7. Bg2 O-O 8. O-O
c6 9. Bc3 d5 10. Ne5 Nfd7 11. Nxd7 Nxd7 12. Nd2 b5 13. e4 bxc4 14. bxc4 Nb6 15.
Ba5 dxe4 16. Bxe4 Qxd4 17. Bxc6 Rac8 18. Bf3 Nxc4 19. Be2 Nb2 20. Qe1 Nd3 21.
Nb3 Qe4 22. Qd2 Ne5 23. Rfe1 Bb7 24. f3 Nxf3+ 25. Bxf3 Qxf3 26. Re3 Qh1+ 27.
Kf2 Qxh2+ 28. Ke1 Qh1+ 29. Kf2 Qh3 30. Qd7 Rc2+ 31. Bd2 Qg2+ 32. Ke1 Bg5 0-1

[Event "M.Chigorin Memorial 2014"]
[Site "St. Petersburg"]
[Date "2014.10.21"]
[Round "4.98"]
[White "Ovchinnikov, Vsevolod"]
[Black "Sheynin, Izrail"]
[Result "1-0"]
[WhiteElo "2272"]
[BlackElo "2030"]
[PlyCount "77"]
[EventDate "2014.10.18"]

1. d4 d5 2. c4 e5 3. dxe5 d4 4. Nf3 Nc6 5. g3 Be6 6. Nbd2 Qd7 7. Bg2 Bh3 8. O-O
h5 9. Nb3 Bxg2 10. Kxg2 O-O-O 11. h4 f6 12. exf6 gxf6 13. Qd3 Qg4 14. Bf4 Bh6
15. Nh2 Qe6 16. Nc5 Qe7 17. Qf5+ Kb8 18. Nxb7 Kxb7 19. Bxh6 Ne5 20. Bf4 c6 21.
b3 Nh6 22. Qe4 Nhf7 23. Rfd1 Qc5 24. Nf3 Nxf3 25. Qxf3 Ne5 26. Bxe5 fxe5 27.
Qe4 Rdf8 28. Rac1 Rh6 29. b4 Qd6 30. e3 Rhf6 31. Rd2 Kc7 32. exd4 exd4 33. c5
Qd7 34. Re1 a5 35. Qe7 R8f7 36. Qxd7+ Rxd7 37. a3 axb4 38. axb4 d3 39. Re3 1-0

[Event "M.Chigorin Memorial 2014"]
[Site "St. Petersburg"]
[Date "2014.10.21"]
[Round "4.99"]
[White "Miroshnichenko, Pavel"]
[Black "Borisovsky, Dmitry"]
[Result "1-0"]
[WhiteElo "2270"]
[BlackElo "1973"]
[PlyCount "77"]
[EventDate "2014.10.18"]

1. e4 c5 2. Nf3 d6 3. d4 cxd4 4. Nxd4 Nf6 5. Nc3 a6 6. f4 e5 7. Nf3 Nbd7 8. Bd3
b5 9. O-O Bb7 10. Qe1 Be7 11. a4 Nc5 12. axb5 Nxd3 13. cxd3 axb5 14. Rxa8 Bxa8
15. Be3 exf4 16. Bxf4 b4 17. Nb5 Qb6+ 18. Nfd4 O-O 19. Qxb4 Rd8 20. Kh1 Ng4 21.
h3 Nf6 22. Nf5 Bf8 23. Be3 Qa6 24. Nh6+ gxh6 25. Rxf6 Qa1+ 26. Kh2 Bg7 27. Bd4
Bxf6 28. Bxf6 Qc1 29. Bxd8 Qf4+ 30. Kg1 Qe3+ 31. Kf1 Qxd3+ 32. Kf2 Qc2+ 33. Ke3
Qc1+ 34. Kf3 Qd1+ 35. Kg3 Qd3+ 36. Kh2 Bxe4 37. Nc3 f5 38. Qb3+ d5 39. Qb6 1-0

[Event "M.Chigorin Memorial 2014"]
[Site "St. Petersburg"]
[Date "2014.10.21"]
[Round "4.100"]
[White "Lantini, Marco"]
[Black "Turikov, Viktor"]
[Result "1-0"]
[WhiteElo "2035"]
[BlackElo "2269"]
[PlyCount "43"]
[EventDate "2014.10.18"]

1. d4 e6 2. c4 b6 3. e4 Bb7 4. Bd3 f5 5. exf5 Bxg2 6. Qh5+ g6 7. fxg6 Bg7 8.
gxh7+ Kf8 9. Bg5 Nf6 10. Qh4 Bxh1 11. Ne2 Nc6 12. Nd2 d5 13. Nf4 Nxd4 14. Ng6+
Ke8 15. Qxd4 Rxh7 16. Ne5 Rxh2 17. Ng4 Ne4 18. Qxg7 Qxg5 19. Qxg5 Nxg5 20. Nxh2
dxc4 21. Bxc4 Ke7 22. O-O-O 1-0

[Event "M.Chigorin Memorial 2014"]
[Site "St. Petersburg"]
[Date "2014.10.21"]
[Round "4.101"]
[White "Solovyov, Viktor"]
[Black "Kantyshev, Nikita"]
[Result "1-0"]
[WhiteElo "2266"]
[BlackElo "1957"]
[PlyCount "55"]
[EventDate "2014.10.18"]

1. d4 d5 2. Nf3 e6 3. c4 Be7 4. g3 Nf6 5. Bg2 O-O 6. O-O Nbd7 7. Qc2 c5 8. cxd5
exd5 9. Nc3 Qb6 10. Rd1 c4 11. b3 cxb3 12. axb3 Qc6 13. Qd3 Ne4 14. Nb5 Ndf6
15. Nxa7 Qb6 16. Nxc8 Raxc8 17. Bb2 Bb4 18. Bh3 Rce8 19. e3 h6 20. Ne5 Ng5 21.
Bg2 Qe6 22. Qf1 Qf5 23. h4 Nge4 24. Bh3 Qh5 25. Kg2 Nd2 26. Rxd2 Bxd2 27. Ba3
Ne4 28. Bg4 1-0

[Event "M.Chigorin Memorial 2014"]
[Site "St. Petersburg"]
[Date "2014.10.21"]
[Round "4.102"]
[White "Grachev, Andrey"]
[Black "Shapiro, David"]
[Result "1/2-1/2"]
[WhiteElo "2029"]
[BlackElo "2236"]
[PlyCount "120"]
[EventDate "2014.10.18"]

1. e4 g6 2. d4 Bg7 3. Nf3 c6 4. Be2 d5 5. Nbd2 Nf6 6. e5 Ne4 7. Nxe4 dxe4 8.
Ng5 c5 9. c3 cxd4 10. Qxd4 Qa5 11. Qc4 O-O 12. Nxf7 e6 13. Nd6 Qxe5 14. Nxe4 b5
15. Qd3 Bb7 16. f3 Bxe4 17. Qxe4 Qxe4 18. fxe4 a6 19. Rf1 Nd7 20. Rxf8+ Rxf8
21. Be3 Ne5 22. Rd1 Rc8 23. Rd6 Nc4 24. Bxc4 Rxc4 25. Rxa6 Rxe4 26. Kf2 h5 27.
Rb6 Re5 28. Rb7 Rf5+ 29. Ke2 Re5 30. Kd3 Rd5+ 31. Kc2 Be5 32. h3 Bf6 33. b3 Bg5
34. c4 bxc4 35. bxc4 Ra5 36. Bxg5 Rxg5 37. Kb3 Rg3+ 38. Ka4 Rxg2 39. a3 Rc2 40.
Kb5 Rb2+ 41. Kc6 Rh2 42. Rb3 Kf7 43. c5 Rc2 44. Kd6 Rd2+ 45. Kc7 e5 46. c6 e4
47. Re3 Rd3 48. Rxe4 Rxa3 49. h4 g5 50. Re5 gxh4 51. Rxh5 h3 52. Rh6 Kg7 53.
Rd6 h2 54. Rd1 Rg3 55. Rh1 Rg2 56. Kc8 Kg6 57. c7 Kg5 58. Kd7 Rd2+ 59. Ke6 Rc2
60. Rxh2 Rxc7 1/2-1/2

[Event "M.Chigorin Memorial 2014"]
[Site "St. Petersburg"]
[Date "2014.10.21"]
[Round "4.104"]
[White "Kamnev, Alexander"]
[Black "Schekachikhin, Maksim"]
[Result "0-1"]
[WhiteElo "2013"]
[BlackElo "2233"]
[PlyCount "94"]
[EventDate "2014.10.18"]

1. e4 c5 2. Nf3 e6 3. d4 cxd4 4. Nxd4 a6 5. Bd3 Bc5 6. Nb3 Be7 7. c4 d6 8. O-O
Nf6 9. Qe2 Nbd7 10. f4 Qc7 11. Nc3 b6 12. Bd2 Bb7 13. Rae1 Nc5 14. Nxc5 Qxc5+
15. Be3 Qc7 16. f5 O-O 17. Na4 b5 18. cxb5 axb5 19. Bxb5 Bxe4 20. fxe6 fxe6 21.
Bb6 Qb8 22. Bf2 Qb7 23. Bh4 Bxg2 24. Qxg2 Qxb5 25. Bxf6 Bxf6 26. Rxf6 Rxa4 27.
Rfxe6 Qf5 28. R6e3 Rf4 29. Rg3 g6 30. Qh3 Qc5+ 31. Kh1 Qd5+ 32. Kg1 Qxa2 33.
Qe6+ Qxe6 34. Rxe6 Rf1+ 35. Kg2 R1f2+ 36. Kh1 Rf1+ 37. Kg2 R8f2+ 38. Kh3 Rxb2
39. Rxd6 Rff2 40. Kg4 Rxh2 41. Rc3 Rbg2+ 42. Kf4 Rh4+ 43. Ke5 Rg5+ 44. Ke6 Re4+
45. Kd7 Rge5 46. Rcc6 Re7+ 47. Kc8 Rf4 0-1

[Event "M.Chigorin Memorial 2014"]
[Site "St. Petersburg"]
[Date "2014.10.21"]
[Round "4.105"]
[White "Severina, Maria"]
[Black "Potapova, Margarita"]
[Result "1-0"]
[WhiteElo "2229"]
[BlackElo "1917"]
[PlyCount "73"]
[EventDate "2014.10.18"]

1. Nf3 Nf6 2. c4 g6 3. g3 Bg7 4. Bg2 O-O 5. O-O d5 6. cxd5 Nxd5 7. d4 Nb6 8.
Nc3 Nc6 9. e3 Re8 10. Re1 a5 11. d5 Bxc3 12. bxc3 Nxd5 13. Qc2 Nf6 14. e4 e5
15. Bg5 Qd6 16. Nd2 b6 17. Nc4 Qe6 18. Ne3 Ne7 19. c4 Ba6 20. Nd5 Nfxd5 21.
cxd5 Qd6 22. Rac1 Ra7 23. f4 f6 24. fxe5 fxe5 25. Bh3 Rf8 26. Bh6 Rf6 27. Bg5
Rf8 28. Bh6 Rf6 29. Qa4 Ra8 30. Qd7 Qxd7 31. Bxd7 Bc8 32. Rxc7 Bxd7 33. Rxd7
Nc8 34. Rd8+ Kf7 35. Rc1 g5 36. Bxg5 Rg6 37. Rc7+ 1-0

[Event "M.Chigorin Memorial 2014"]
[Site "St. Petersburg"]
[Date "2014.10.21"]
[Round "4.106"]
[White "Snetkov, Ivan"]
[Black "Davydov, Sergey P"]
[Result "1/2-1/2"]
[WhiteElo "2011"]
[BlackElo "2228"]
[PlyCount "110"]
[EventDate "2014.10.18"]

1. e4 c5 2. Nf3 e6 3. d4 cxd4 4. Nxd4 a6 5. c4 Nf6 6. Nc3 Qc7 7. a3 d6 8. Be2
Be7 9. Be3 Nbd7 10. O-O O-O 11. Rc1 b6 12. b4 Bb7 13. f3 Rac8 14. Qd2 Qb8 15.
Rc2 Qa8 16. Rb1 Rfe8 17. Na4 d5 18. e5 Nh5 19. g4 dxc4 20. gxh5 b5 21. Nc3 Nxe5
22. f4 Bh1 23. Bf1 Ng4 24. Qe2 Nxe3 25. Qxe3 Bf6 26. Bg2 Bxg2 27. Rxg2 Qa7 28.
Rd1 Rcd8 29. Rgd2 e5 30. Nf5 Qxe3+ 31. Nxe3 Rxd2 32. Rxd2 exf4 33. Ned5 Bg5 34.
Kf2 f5 35. a4 bxa4 36. Nxa4 Kf7 37. Nc5 f3 38. Rc2 Re5 39. Nc7 Be3+ 40. Kxf3
Bxc5 41. bxc5 Rxc5 42. Nxa6 Rc8 43. Kf4 Kf6 44. Nb4 Rc5 45. Rc3 g5+ 46. hxg6
hxg6 47. h4 Rc8 48. Nd5+ Ke6 49. Ne3 Rh8 50. Ng2 Kd5 51. Ke3 Re8+ 52. Kd2 Re4
53. Rg3 f4 54. Rxg6 c3+ 55. Kd3 c2 1/2-1/2

[Event "M.Chigorin Memorial 2014"]
[Site "St. Petersburg"]
[Date "2014.10.21"]
[Round "4.107"]
[White "Gantsevich, Aleksei"]
[Black "Monin, Nikolay"]
[Result "1/2-1/2"]
[WhiteElo "1955"]
[BlackElo "2209"]
[PlyCount "67"]
[EventDate "2014.10.18"]

1. e4 e6 2. d4 d5 3. Nc3 Nf6 4. e5 Nfd7 5. f4 c5 6. Nf3 Nc6 7. Be3 Qb6 8. Na4
Qa5+ 9. c3 b6 10. Bd2 c4 11. b4 Qa6 12. Be2 Qb7 13. O-O a5 14. a3 Be7 15. Qc2
O-O 16. Ng5 g6 17. g4 axb4 18. axb4 b5 19. Nb2 Bxg5 20. fxg5 Nb6 21. h4 Bd7 22.
h5 Rxa1 23. Rxa1 Ra8 24. Qb1 Ra7 25. Bd1 Qa8 26. Rxa7 Qxa7 27. Bc2 Be8 28. Nd1
Nd7 29. Kg2 Qa3 30. Bc1 Qa7 31. Bd2 Qa3 32. Bc1 Qa7 33. Bd2 Qa3 34. Bc1 1/2-1/2

[Event "M.Chigorin Memorial 2014"]
[Site "St. Petersburg"]
[Date "2014.10.21"]
[Round "4.108"]
[White "Ivanov, Artem"]
[Black "Kharmunova, Nadezhda"]
[Result "0-1"]
[WhiteElo "1913"]
[BlackElo "2206"]
[PlyCount "66"]
[EventDate "2014.10.18"]

1. e4 c6 2. d4 d5 3. f3 dxe4 4. fxe4 e5 5. Nf3 exd4 6. Qxd4 Qxd4 7. Nxd4 Nf6 8.
e5 Nd5 9. c3 Be7 10. Bd3 Bg4 11. O-O Nd7 12. Re1 Nc5 13. Bc2 Ne6 14. Nf5 Bxf5
15. Bxf5 O-O 16. Nd2 g6 17. Bc2 Bc5+ 18. Kh1 Ne3 19. Bb3 Ng4 20. Ne4 Be7 21.
Nf6+ Nxf6 22. exf6 Bxf6 23. Bxe6 fxe6 24. Be3 a6 25. Bb6 Rae8 26. Rad1 Rf7 27.
Rd6 e5 28. Kg1 Bg7 29. Re4 Bf8 30. Rd1 Re6 31. Bf2 Rd6 32. Rxd6 Bxd6 33. Bg3
Bc5+ 0-1